A study of idioms related to religion and spirituality (English versus Vietnamese)

Introduction; Literature review and theoretical background; Research methodology...

Wedi'i Gadw mewn:
Manylion Llyfryddiaeth
Prif Awdur: Nguyễn Tố Ngân
Awduron Eraill: Hồ Vũ Khuê Ngọc, Ph.D. (Supervisor.)
Fformat: Anhysbys
Iaith:English
Cyhoeddwyd: Da Nang : University of Danang, 2013.
Pynciau:
Tagiau: Ychwanegu Tag
Dim Tagiau, Byddwch y cyntaf i dagio'r cofnod hwn!
Thư viện lưu trữ: Mạng thư viện Đại học Đà Nẵng
LEADER 02875na a2200385 4500
001 000031235
003 5874
005 20230601094147.0
008 151001s2013 000 eng
040 |a LNN 
041 |a ENG 
082 |a 420.4  |b NG-N 
100 |a Nguyễn Tố Ngân 
245 1 2 |a A study of idioms related to religion and spirituality (English versus Vietnamese)  |h [Thesis-Luận văn thạc sĩ] /  |c Nguyễn Tố Ngân ; Hồ Vũ Khuê Ngọc hướng dẫn. 
260 |a Da Nang :  |b University of Danang,  |c 2013. 
300 |a vii, 117 tr. ;  |c 29 cm. +  |e 1 tóm tắt. 
500 |a Includes appendices and references. 
500 |a Master thesis in social sciences and humanities. Field: The English language. Code: 60.22.15. 
520 3 |a Introduction; Literature review and theoretical background; Research methodology... 
630 0 4 |a English language. 
650 0 4 |a English language  |x Idioms. 
700 1 |a Hồ Vũ Khuê Ngọc,  |c Ph.D.,  |e Supervisor. 
OWN |a LNN 
AVA |a UDN50  |b LNN  |c English  |d 420.4 NG-N  |e available  |t Error 5001 Not defined in file expand_doc_bib_avail.  |f 1  |g 0  |h N  |i 0  |j AN  |k 1 
Z40 3 |y A study of idioms related to religion and spirituality (English versus Vietnamese)  |l Library of UFL  |t VIEW  |x http://catalog.udn.vn:80/F?func=service&doc_library=UDN01&local_base=UDN01&doc_number=000031235&sequence=000001&line_number=0001&func_code=DB_RECORDS&service_type=MEDIA  |f SUMMARYCUATONGAN_000025210.pdf  |e pdf  |s 000226907  |k 20230601  |m NTMTHI 
Z40 3 |y A study of idioms related to religion and spirituality (English versus Vietnamese)  |l Library of UFL  |t VIEW  |x http://catalog.udn.vn:80/F?func=service&doc_library=UDN01&local_base=UDN01&doc_number=000031235&sequence=000002&line_number=0002&func_code=DB_RECORDS&service_type=MEDIA  |f MATHESIS-TONGAN_000025212.pdf  |e pdf  |s 000788314  |k 20230601  |m NTMTHI 
999 |a From the UDN01 
AVA |a UDN50  |b LNN  |c English  |d 420.4 NG-N  |e available  |t Error 5001 Not defined in file expand_doc_bib_avail.  |f 1  |g 0  |h N  |i 0  |j AN  |k 1 
TYP |a Printed language 
856 |y A study of idioms related to religion and spirituality (English versus Vietnamese)  |l Library of UFL  |t VIEW  |x http://catalog.udn.vn:80/F?func=service&doc_library=UDN01&local_base=UDN01&doc_number=000031235&sequence=000001&line_number=0001&func_code=DB_RECORDS&service_type=MEDIA  |f SUMMARYCUATONGAN_000025210.pdf  |e pdf  |s 000226907  |k 20230601  |m NTMTHI 
856 |y A study of idioms related to religion and spirituality (English versus Vietnamese)  |l Library of UFL  |t VIEW  |x http://catalog.udn.vn:80/F?func=service&doc_library=UDN01&local_base=UDN01&doc_number=000031235&sequence=000002&line_number=0002&func_code=DB_RECORDS&service_type=MEDIA  |f MATHESIS-TONGAN_000025212.pdf  |e pdf  |s 000788314  |k 20230601  |m NTMTHI 
980 |a Mạng thư viện Đại học Đà Nẵng